00805cam a22002177a 4500003000500000005001700005008004100022010001000063011001000073035001000083040000900093100004000102245019000142260004100332300001000373502010900383650001200492650003000504650002900534650002400563CHAP20220329142730.0010920d2001 mx r 00110 spa d a86998 a87970 a98515 cCHAP00aCárdenas Lozano, Jesús Antonio.10aEvaluación del clon FHIA-01 al daño de Mycosphaerella fijiensis (Cercospora fijiensis) en tres cultivares de plátano en la Costa de Nayaritc/por Jesús Antonio Cárdenas Lozano aChapingo, Méx. :bEl autor,c2002. a56 h. aTesis (Ing. Agr. Esp. en Parasitología Agrícola) -- UACH. Departamento de Parasitología Agrícola14aClones.14aMycosphaerella fijiensis.14aPlátanoxEnfermedades.14aPlátanoxNayarit.